Survivor Returnees Who Didn't Make the Merge - Statistics

General Stats
  • This quiz has been taken 35 times
    32 since last reset
  • The average score is 45 of 49
Answer Stats
Original Season Returning Season(s) Contestant % Correct
The Amazon All Stars Rob Cesternino
100%
Marquesas All Stars, Heroes vs. Villains, Redemption Island, and Winners at War Rob Mariano
100%
Pearl Islands Heroes vs. Villains, Game Changers, and Winners at War Sandra Diaz-Twine
100%
The Australian Outback All Stars and Winners At War Amber Mariano
96%
Kaôh Rōng Game Changers and Edge of Extinction Aubry Bracco
96%
The Australian Outback Second Chance and Game Changers Jeff Varner
96%
Cook Islands Micronesia, Heroes vs. Villains, and Winners at War Parvati Shallow
96%
Cagayan Game Changers and Winners at War Tony Vlachos
96%
Blood vs. Water Cambodia and Game Changers Ciera Eastin
92%
Panama Micronesia, Heroes vs. Villains, and Game Changers Cirie Fields
92%
Tocantins Heroes vs. Villains and South Pacific Coach Wade
92%
The Australian Outback All Stars and Heroes vs. Villains Colby Donaldson
92%
One World Blood vs. Water (Quit) Colton Cumbie
92%
China Heroes vs. Villains Courtney Yates
92%
Guatemala Winners at War Danni Boatwright
92%
Africa All Stars and Winners At War Ethan Zohn
92%
China Micronesia and Heroes vs. Villains James Clement
92%
The Amazon All Stars (Withdrew-Family Emergency) Jenna Morasca
92%
The Australian Outback All Stars and Heroes vs. Villains Jerri Manthey
92%
Pearl Islands Micronesia Jon Dalton
92%
Tocantins Heroes vs. Villains and Game Changers J.T. Thomas
92%
Philippines Caramoan and Game Changers Malcolm Freberg
92%
China Cambodia Peih-Gee Law
92%
Borneo All Stars Richard Hatch
92%
Borneo All Stars Rudy Boesch
92%
Pearl Islands All Stars, Heroes vs. Villains, Blood vs. Water (swapped with loved one) Rupert Boneham
92%
Samoa Heroes vs. Villains and Redemption Island Russell Hantz
92%
Samoa Philippines Russell Swan
92%
Palau Guatemala and Heroes vs. Villains Stephenie LaGrossa
92%
Panama Cambodia (Withdrew-Family Emergency) Terry Deitz
92%
Palau Heroes vs. Villains Tom Westman
92%
Tocantins Heroes vs. Villains, Blood vs. Water, and Winners at War Tyson Apostol
92%
Cagayan Cambodia Woo Hwang
92%
Fiji Micronesia Yau-Man Chan
92%
Cook Islands Winners at War Yul Kwon
92%
Vanuatu Micronesia Ami Cusack
88%
South Pacific Caramoan Brandon Hantz
88%
Cook Islands Heroes vs.Villains and Blood vs. Water Candice Cody
88%
Redemption Island Caramoan Francesca Hogi
88%
Cook Islands Micronesia (Evacuated) and Philippines Jonathan Penner
88%
One World Blood vs. Water Kat Edorsson
88%
Samoa Cambodia Monica Padilla
88%
Gabon Heroes vs. Villains Randy Bailey
88%
Worlds Apart Cambodia Shirin Oskooi
88%
Gabon Heroes vs. Villains Sugar Kiper
88%
Borneo All Stars (Quit) Susan Hawk
88%
The Australian Outback All Stars and Blood vs. Water Tina Wesson
88%
Kaôh Rōng Game Changers Caleb Reynolds
83%
Blood vs. Water Cambodia Vytas Baskauskas
83%
No matching quizzes found
Score Distribution
Percent of People with Each Score
Percentile by Number Answered
Your Score History
You have not taken this quiz since the last reset